000 00461nam a2200181Ia 4500
001 22364
005 20260414150826.0
008 260414t2010||||xx |||||||||||||| ||spa||
041 _aESP
082 _a621.38
_bC225A
100 _aLewis, Wayne
_eAUT
245 0 _aLAN switching and wireless :
_bCCNA exploration companion guide
260 _c2010
300 _axxvi, 497 páginas :
_c24 cm.
650 _aTCA
654 _aCET
942 _cLIB
_dJUS
_fJUS
_2ddc
_n
999 _c22364
_d22364